| 000 | 00510nam a2200157 4500 | ||
|---|---|---|---|
| 001 | 111513 | ||
| 003 | ES-MaACL | ||
| 007 | t| | ||
| 008 | 061121s1944 uy r ||||1| spa d | ||
| 100 | 1 |
_aOreggia, Juan Carlos. _987216 |
|
| 245 | 1 | 3 |
_aEl cáncer de la lengua / _cJuan Carlos Oreggia ; prólogo de Elíseo V. Segura. |
| 260 |
_aMontevideo : _bCasa A. Barreiro y Ramos, _c1944. |
||
| 300 |
_a449 p., 1 lám. : _bil. ; _c25 cm. |
||
| 700 | 1 |
_aV. Segura, Elíseo. _9112355 |
|
| 852 |
_aES-MaACL _jE-1676 _bR.22602 |
||
| 999 |
_c111513 _d111513 |
||